000 00876nam a22002777a 4500
003 CHAP
005 20220329140208.0
008 971013s1978 r 00010 d
010 _a48398
011 _a49370
035 _a53518
040 _cCHAP
082 _a581.13
_bR52 1976
100 0 0 _aRichter, Gerhard.
_997302
245 _aPlant metabolism ; physiology and biochemistry of primary metabolism
260 _aBaltimore :
_bUniversity Park,
_c1978
300 _a475 p.
_b: ilus. ; gráfs.
500 _aTrad. de la 3 ed. en alemán de 1976
590 _aBATCH-UPD
_b10
_c20130109
_lUCH01
_h2315
590 _aBATCH-UPD
_b10
_c20130110
_lUCH01
_h2039
590 _aCONVERSION
_b10
_c20130109
_lUCH01
_h1326
650 1 4 _aPlantas
_xMetabolismo.
_988858
901 _aBK
942 _cLIBRO
949 _a581.13 R52 1976
_bBC
_cLIBRO
_d33724000512539
_eLIBRO
_h48493
_i53518
_si
999 _c48398
_d48398